000 00668nam a2200229Ia 4500
003 OSt
005 20240515142646.0
008 210716s2004 xx 000 0 und d
020 _a9788180520372
040 _cAIMIT LIBRARY
041 _aeng
082 _a374.22
_21
_bMOSG
100 _aMoss, Geoffrey.
_9164664
245 _aRevitalise your business /
_cBy Geoffrey Moss.
250 _a1st ed.
260 _aNew Delhi :
_bAne Books India ,
_c2004.
300 _a300p. ;
_bPB
_c22.8 cm
650 _aReorganising the business
_9164665
650 _aGrowing your business
_9164666
650 _aBe a better manager
_9164667
942 _2ddc
_cBK
_e1st
_k374.22 MOSG
999 _c209164
_d209164